|
|
|
|
| LEADER |
01029nam a2200361 4500 |
| 001 |
DLU110120977 |
| 005 |
##20110510 |
| 008 |
##930331s1994 enkabm 000 0 eng |
| 010 |
# |
# |
|a 93013274
|
| 020 |
# |
# |
|a 0521398827 (book)
|
| 020 |
# |
# |
|a 0521466806 (cassettes)
|
| 035 |
# |
# |
|9 (DLC) 93013274
|
| 040 |
# |
# |
|a DLC
|c DLC
|d DLC
|
| 082 |
# |
# |
|a 428.3
|b HE-M
|
| 100 |
# |
# |
|a Helgesen, Marc.
|
| 245 |
# |
# |
|a Active listening :
|b building skills for understanding : teachers edition /
|c Marc Helgesen and Steven Brown.
|
| 260 |
# |
# |
|a New York :
|b Cambridge University Press,
|c 1995.
|
| 300 |
# |
# |
|a xiii, 69 p. ;
|c 30 cm.
|
| 650 |
# |
# |
|a Active learning.
|
| 650 |
# |
# |
|a Listening
|x Problems, exercises, etc.
|
| 650 |
# |
# |
|a Listening
|x Study and teaching.
|
| 700 |
# |
# |
|a Brown, Steven,
|d 1952-
|
| 923 |
# |
# |
|a 01/2011NN
|
| 991 |
# |
# |
|a SH
|
| 992 |
# |
# |
|a 8000
|
| 994 |
# |
# |
|a KNN
|
| 900 |
# |
# |
|a True
|
| 911 |
# |
# |
|a Đào Thị Thu Huyền
|
| 925 |
# |
# |
|a G
|
| 926 |
# |
# |
|a A
|
| 927 |
# |
# |
|a SH
|
| 980 |
# |
# |
|a Thư viện Trường Đại học Đà Lạt
|